Internet, telekomunikácie a nové informačné technológie

Bibliographic Details
Main Authors: Bella, Tomáš, 1979- (Author), Ďurkovič, Marian, 1973- (Author)
Format: Article
Language:Slovak
PhysicalDescription:Grafy, tab.
ISBN:8088935571
Subjects:

MARC

LEADER 00000nab a2200000 ar4500
001 vtls010029928
003 SK-MaSNL
005 20260426091153.0
008 091209c2003 xo |r||||||||||00 ||slo
015 |a SNBRA2009/12  |2 snkbucl 
038 |a SNKBUCL 
040 |a SNKBUCL  |b slo  |c SNKBUCL  |e AACR2 
041 0 |a slo 
044 |a xo  |c SK 
080 |a 004.738.5  |x (437.6)  |x "2003"  |2 2001 
080 |a 004  |x (437.6)  |x "2003"  |2 2001 
080 |a 654  |x (437.6)  |x "2003"  |2 2001 
100 1 |a Bella, Tomáš,  |d 1979-  |4 aut  |9 718101 
245 1 0 |a Internet, telekomunikácie a nové informačné technológie  |c Tomáš Bella, Marian Ďurkovič 
300 |b Grafy, tab. 
504 |a Bibliogr. odkazy 
648 7 |a 2003  |2 snkbucl  |9 301018 
650 0 7 |a internet  |2 snkbucl  |9 1833 
650 0 7 |a informačné technológie  |2 snkbucl  |9 1527 
650 0 7 |a komunikačné technológie  |2 snkbucl  |9 1529 
651 7 |a Slovensko  |2 snkbucl  |9 14231 
700 1 |a Ďurkovič, Marian,  |d 1973-  |4 aut  |9 1509164 
773 0 |t Slovensko 2003 : súhrnná správa o stave spoločnosti  |d Bratislava : Inštitút pre verejné otázky, 2003  |g S. 741-762  |z 8088935571 
852 |a SNK  |b KIS3GCP 
958 |a NB 
999 |c 3016713  |d 3018643